00000000nam 2200000zi 4500
0019.946915
003CaOODSP
00520250313113338
006m     o  d f      
007cr mn|||||||||
008250115t20252025quca    ob   f000 0 fre d
020 |a9780660752532
040 |aCaOODSP|bfre|erda|cCaOODSP
043 |an-cn---
045 |ay1y2
0861 |aSF31-125/2025F-PDF
1001 |aThéberge, Raymond, |eauteur.
24510|aProtéger les droits linguistiques : |bbilan des interventions du commissaire devant les tribunaux (2018-2025).
264 1|a[Gatineau, Québec] : |bCommissariat aux langues officielles = Office of the Commissioner of Official Languages, |c[2025]
264 4|c©2025
300 |a1 ressource en ligne (ii, 42 pages) : |billustrations en couleur
336 |atexte|btxt|2rdacontent/fre
337 |ainformatique|bc|2rdamedia/fre
338 |aressource en ligne|bcr|2rdacarrier/fre
500 |aPublié aussi en anglais sous le titre : Protecting language rights: overview of the Commissioner's interventions in the courts (2018-2025).
500 |a« Raymond Théberge, commissaire aux langues officielles » -- Page ii.
504 |aComprend des références bibliographiques.
61016|aCanada. |bCommissariat aux langues officielles.
650 6|aDroits linguistiques (Droit international)|zCanada.
650 6|aMinorités linguistiques|xDroits|zCanada.
650 6|aIntervention (Procédure civile)|zCanada.
7101 |aCanada. |bCommissariat aux langues officielles, |eorganisme de publication.
77508|tProtecting language rights : |w(CaOODSP)9.946914
795 |tProtéger les droits linguistiques : |b(2016)|w(CaOODSP)9.887091
85640|qPDF|s11.80 Mo|uhttps://publications.gc.ca/collections/collection_2025/clo-ocol/SF31-125-2025-fra.pdf
8564 |qHTML|sS.O.|uhttps://www.clo-ocol.gc.ca/fr/publications/etudes-autres-rapports/2025/proteger-droits-linguistiques-bilan-interventions-du-commissaire-devant-tribunaux-2018-2025